Statystyki dla Wszystkie oceany na świecie

Kliknij tutaj aby rozwiązać quiz!

Ogólne statystyki

  • Ten quiz został rozwiązany 83 razy
  • Średni wynik to 4 z 5

Statystyki odpowiedzi

PwierzchniaOcean% Poprawnych
155,6 mln km²Spokojny
97%
106,5 mln km²Atlantycki
93%
73,5 mln km²Indyjski
93%
14,0 mln km²Arktyczny
83%
20,3 mln km²Południowy
62%

Rozkład punktacji

Percentyl według liczby udzielonych odpowiedzi

Procent ludzi z każdym wynikiem

Twoja historia wyników

Nie rozwiązałeś tego quizu